Same Role, Different Actors III Quiz Stats

 Plays Quiz Updated Jan 6, 2014

Challenge
Share
Tweet
Score 0/20 Timer 05:00
1 Play Today
% Correct
Catwoman
83%
God
81.2%
Bruce Banner/Hulk
64.3%
Morgan Freeman
61.4%
Harrison Ford
61.3%
Halle Berry
60.5%
Alec Baldwin
58.5%
Ben Affleck
57.9%
Anne Hathaway
55.5%
Steve Martin
54%
% Correct
Edward Norton
44.1%
Jack Ryan
42%
Michelle Pfeiffer
41.8%
Alanis Morissette
41.1%
Inspector Clouseau
38.4%
Mark Ruffalo
37.4%
Eric Bana
34.4%
George Burns
31.3%
Peter Sellers
27.7%
Alan Arkin
23.2%

You're not logged in!

Compare scores with friends on all Sporcle quizzes.
Join for Free
OR
Log In

You Might Also Like...

Show Comments

Extras

Top Quizzes Today


Score Distribution

Your Account Isn't Verified!

In order to create a playlist on Sporcle, you need to verify the email address you used during registration. Go to your Sporcle Settings to finish the process.

Report this User

Report this user for behavior that violates our Community Guidelines.

Details: